Odgadnij miasto województwa małopolskiego po obrazku - Statystyki

Ogólne statystyki
  • Ten quiz został rozwiązany 15 razy
  • Średni wynik to 9 z 19
Statystyki odpowiedzi
Obrazkowy Odpowiedź % Poprawnych
Zakopane
100%
Bochnia
86%
Kraków
86%
Oświęcim
86%
Wadowice
86%
Wieliczka
86%
Tarnów
57%
Nowy Sącz
43%
Sucha Beskidzka
43%
Olkusz
36%
Limanowa
29%
Brzesko
21%
Gorlice
21%
Miechów
21%
Myślenice
21%
Nowy Targ
21%
Chrzanów
14%
Dąbrowa Tarnowska
14%
Proszowice
14%
Nie znaleziono quizów pasujących do podanych kryteriów
Rozkład punktacji
Procent ludzi z każdym wynikiem
Percentyl według liczby udzielonych odpowiedzi
Twoja historia wyników
Nie rozwiązałeś tego quizu